A bigger splash /

Đã lưu trong:
Chi tiết về thư mục
Tác giả khác: Schoenaerts, Matthias (Diễn viên), Swinton, Tilda (Diễn viên), Fiennes, Ralph (Diễn viên), Johnson, Dakota (Diễn viên), Deray, Jacques (Giám đốc), Kajganich, David (Người viết kịch bản), Guadagnino, Luca (Giám đốc)
Định dạng: Luận văn Slide
Ngôn ngữ:Tiếng Italy
Được phát hành: [Roma] : [Campi Bisenzio] : Lucky Red ; CG Entertainment [distributore], 2016
Các nhãn: Thêm thẻ
Không có thẻ, Là người đầu tiên thẻ bản ghi này!

MARC

LEADER 00000ngm a22000007i 4500
001 IT\ICCU\MOD\1659078
003 ItRI
005 20260124182910.0
008 160711s2016 it |||||||||||||||k|||||c
024 3 1 |a 8057092011003 
028 4 2 |a PSV35228 
040 |b ita 
041 7 |a ita  |2 ISO-639-2 
130 2 |a A Bigger Splash <film ; 2015>  |3 IT\ICCU\MOD\1659079 
245 0 2 |a A bigger splash /  |c dal regista Luca Guadagnino ; [con] Ralph Fiennes ... [et al.] ; [fotografia Yorick Le Saux ; basato sul film La piscine diretto da Jacques Deray basato sulla sceneggiatura originale di Alain Page e sul suo romanzo ; sceneggiatura di David Kajganich]. 
260 |a [Roma] :  |b Lucky Red ;  |a [Campi Bisenzio] :  |b CG Entertainment [distributore],  |c 2016 
300 |a 1 DVD-Video (circa 117 min) :  |b colore, sonoro ;  |c in contenitore, 19 cm 
500 |a Caratteristiche tecniche: regione 2; sistema e formati video: PAL; 16/9, 1.78:1; formato audio: Dolby digital 5.1 
500 |a Titolo del contenitore 
500 |a Film del 2015, produzione Italia/Francia 
500 |a Lingue: italiano; sottotitoli: italiano per non udenti 
502 |a Contenuti extra: Scene tagliate; Trailer 
511 |a Altri interpreti: Dakota Johnson, Matthias Schoenaerts, Tilda Swinton 
700 1 |a Page, Alain  |0 IT\ICCU\LO1V\146767  |4 ant 
700 1 |a Schoenaerts, Matthias  |0 IT\ICCU\PUVV\400761  |4 act 
700 1 |a Swinton, Tilda  |0 IT\ICCU\RAVV\091106  |4 act 
700 1 |a Fiennes, Ralph  |0 IT\ICCU\RAVV\099568  |4 act 
700 1 |a Johnson, Dakota  |0 IT\ICCU\RT1V\023419  |4 act 
700 1 |a Deray, Jacques  |0 IT\ICCU\TO0V\389331  |4 drt 
700 1 |a Kajganich, David  |0 IT\ICCU\UBOV\226798  |4 sce 
700 1 |a Guadagnino, Luca  |0 IT\ICCU\UBOV\493300  |4 drt 
790 1 |a Conil, Jean Emmanuel  |3 IT\ICCU\RAVV\703379  |z Page, Alain 
942 |2 ddc  |c VM  |n 0 
952 |0 0  |1 0  |4 0  |6 VO_2303_000000000000000  |7 0  |9 27770  |a BO  |b BO  |d 2026-01-24  |i 18668  |l 0  |o VO 2303  |p BO18668  |r 2026-01-24 18:29:10  |w 2026-01-24  |x [Sebina 5] [1 dvd]  |y VM  |z 1 dvd 
999 |c 23538  |d 23538